[Event "Benidorm op U2000 16th"]
[Site "Benidorm"]
[Date "2017.12.07"]
[Round "8"]
[White "Garcia Serrano, Jose Manuel1"]
[Black "Daugerts, Janis"]
[Result "0-1"]
[WhiteElo "1891"]
[BlackElo "1940"]
[PlyCount "94"]
[EventDate "2017.12.01"]
[EventType "swiss"]
[EventRounds "10"]
[EventCountry "ESP"]
[SourceTitle "EXT 2019"]
[Source "ChessBase"]
[SourceDate "2018.10.10"]
[SourceVersion "1"]
[SourceVersionDate "2018.10.10"]
[SourceQuality "1"]

1. e4 c5 2. d4 cxd4 3. c3 Nf6 4. e5 Nd5 5. cxd4 d6 6. Bc4 Nb6 7. Bb5+ Bd7 8. e6 Bxb5 9. Qh5 Qc8 10. Qxb5+ Qc6 11. Nc3 fxe6 12. Nf3 Qxb5 13. Nxb5 Kd7 14. 0-0 Nc6 15. Bd2 a6 16. Na3 g6 17. Bc3 Nd5 18. Nc4 Bg7 19. a3 b5 20. Ncd2 a5 21. Nb3 a4 22. Nc1 Rhf8 23. Nd3 Rac8 24. Rfe1 Nxc3 25. bxc3 Na5 26. Ng5 Rxc3 27. Rad1 Rf5 28. Nxe6 Bf6 29. Ndc5+ dxc5 30. dxc5+ Kc6 31. Rd8 Re5 32. Nd4+ Kc7 33. Nxb5+ Kxd8 34. Rd1+ Ke8 35. Nxc3 Rxc5 36. Nxa4 Rb5 37. g3 Nc4 38. Rc1 Nxa3 39. Rc8+ Kd7 40. Ra8 Bd4 41. Nc3 Bxc3 42. Rxa3 Bd4 43. Kg2 Rb2 44. Rf3 e5 45. h4 Ke6 46. g4 e4 47. Rf4 Ke5 0-1

[Event "Benidorm op U2000 16th"]
[Site "Benidorm"]
[Date "2017.12.06"]
[Round "7"]
[White "Daugerts, Janis"]
[Black "Fichtinger, Leopold"]
[Result "1-0"]
[WhiteElo "1940"]
[BlackElo "1979"]
[PlyCount "99"]
[EventDate "2017.12.01"]
[EventType "swiss"]
[EventRounds "10"]
[EventCountry "ESP"]
[SourceTitle "EXT 2019"]
[Source "ChessBase"]
[SourceDate "2018.10.10"]
[SourceVersion "1"]
[SourceVersionDate "2018.10.10"]
[SourceQuality "1"]

1. d4 Nf6 2. Bg5 c5 3. d5 Ne4 4. h4 Qb6 5. Nd2 Nxd2 6. Bxd2 Qxb2 7. e4 Qb6 8. Bc3 d6 9. Rb1 Qc7 10. Nh3 Bxh3 11. Rxh3 Nd7 12. Rg3 Nf6 13. Bb5+ Kd8 14. Re3 a6 15. Be2 b5 16. e5 b4 17. exf6 bxc3 18. Rxc3 Qa5 19. Qd3 gxf6 20. Kf1 Rc8 21. Ra3 c4 22. Rxa5 cxd3 23. Bxd3 e6 24. Rxa6 Rc7 25. Rb8+ Ke7 26. Raa8 f5 27. Re8+ Kf6 28. Rxf8 Rxf8 29. Rxf8 e5 30. f3 Rc5 31. c4 e4 32. Be2 Ra5 33. fxe4 fxe4 34. Rd8 Ke5 35. Rh8 Rxa2 36. Kf2 f5 37. Rxh7 f4 38. Re7+ Kd4 39. Rf7 f3 40. gxf3 e3+ 41. Ke1 Ra1+ 42. Bd1 Kxc4 43. Re7 Kd3 44. f4 Ra2 45. h5 Rh2 46. Bf3 Rf2 47. Be4+ Kd4 48. h6 Rxf4 49. h7 Rh4 50. Re8 1-0

[Event "Benidorm op U2000 16th"]
[Site "Benidorm"]
[Date "2017.12.04"]
[Round "4"]
[White "Garcia Yepes, Miguel Angel"]
[Black "Daugerts, Janis"]
[Result "0-1"]
[WhiteElo "1633"]
[BlackElo "1940"]
[PlyCount "96"]
[EventDate "2017.12.01"]
[EventType "swiss"]
[EventRounds "10"]
[EventCountry "ESP"]
[SourceTitle "EXT 2019"]
[Source "ChessBase"]
[SourceDate "2018.10.10"]
[SourceVersion "1"]
[SourceVersionDate "2018.10.10"]
[SourceQuality "1"]

1. e4 c5 2. d4 cxd4 3. c3 Nf6 4. e5 Nd5 5. c4 Nc7 6. Qxd4 Ne6 7. Qd5 Nc6 8. Nf3 b6 9. Nc3 Bb7 10. Be2 g6 11. 0-0 Bg7 12. Ne4 Qc7 13. Qd3 Nxe5 14. Nxe5 Qxe5 15. Ng3 Nd4 16. Re1 0-0 17. Rb1 Qc7 18. b3 Nxe2+ 19. Rxe2 Qc6 20. f3 f5 21. Bf4 Qc5+ 22. Kh1 e5 23. Be3 Qc7 24. Bf2 Rae8 25. Rd1 Bc6 26. b4 e4 27. fxe4 fxe4 28. Qd6 Qc8 29. c5 e3 30. Bg1 Qb7 31. Bxe3 Re6 32. Qd2 Rfe8 33. Rg1 h5 34. Bf4 h4 35. Rxe6 Rxe6 36. Nf1 h3 37. Ne3 Re4 38. Rf1 Rxe3 39. Bxe3 hxg2+ 40. Kg1 gxf1Q+ 41. Kxf1 Qa6+ 42. Kf2 Qc4 43. cxb6 axb6 44. Bxb6 Bc3 45. Qg5 Qxa2+ 46. Kg3 Be1+ 47. Kh3 Qe6+ 48. Qg4 Bg2+ 0-1